Marvel Comics: Members of Immortus's Infinity Watch by Picture - Statistics

General Stats
  • This quiz has been taken 17 times
  • The average score is 7 of 9
Answer Stats
Picture Answer % Correct
Nova | Annihilus
100%
Vision
100%
Yondu Udonta
100%
Captain Marvel
73%
Silver Surfer
73%
Lord Immortus
64%
Starhawk
64%
Martinex T'Naga
55%
Adam Warlock
45%
No matching quizzes found
Score Distribution
Percent of People with Each Score
Percentile by Number Answered
Your Score History
You have not taken this quiz